[Event "Banff op"]
[Site "Banff"]
[Date "2022.11.12"]
[Round "4"]
[White "Miller, David"]
[Black "Zacharias, Nicholas"]
[Result "1-0"]
[WhiteElo "2117"]
[BlackElo "1635"]
[PlyCount "71"]
[EventDate "2022.11.11"]
[EventType "swiss"]
[EventRounds "6"]
[EventCountry "CAN"]
[SourceTitle "CBM 211 Extra"]
[Source "ChessBase"]
[SourceDate "2023.01.31"]
[SourceVersion "1"]
[SourceVersionDate "2023.01.31"]
[SourceQuality "1"]

1. e4 c5 2. Nf3 Nc6 3. d4 cxd4 4. Nxd4 Nf6 5. Nc3 d6 6. Bc4 e6 7. Be3 Be7 8. Bb3 0-0 9. Qe2 a6 10. 0-0-0 Qe8 11. Rhg1 b5 12. g4 b4 13. Nxc6 Qxc6 14. Nd5 Nxd5 15. exd5 Qe8 16. Bd2 exd5 17. Bxd5 Ra7 18. Rde1 a5 19. Kb1 Ba6 20. Qf3 Qc8 21. g5 Kh8 22. Qh5 Bc4 23. Bxc4 Qxc4 24. Rg4 Qd5 25. Be3 Rc7 26. Rg3 Rfc8 27. Rc1 a4 28. Qf3 Qe5 29. Qf4 Qd5 30. Qxb4 a3 31. Qxa3 Ra8 32. Qb3 Qe4 33. Qd3 Qa4 34. a3 d5 35. Rh3 g6 36. Bd4+ 1-0

[Event "Alberta-ch"]
[Site "Calgary"]
[Date "2019.04.21"]
[Round "5"]
[White "Arruebarrena Rodriguez, Rafael"]
[Black "Miller, David"]
[Result "1/2-1/2"]
[WhiteElo "2350"]
[BlackElo "2166"]
[PlyCount "139"]
[EventDate "2019.04.19"]
[EventType "tourn"]
[EventRounds "5"]
[EventCountry "CAN"]
[EventCategory "2"]
[SourceTitle "EXT 2022"]
[Source "ChessBase"]
[SourceDate "2021.10.06"]
[SourceVersion "1"]
[SourceVersionDate "2021.10.06"]
[SourceQuality "1"]

1. e4 c5 2. Nf3 d6 3. d4 cxd4 4. Nxd4 Nf6 5. Nc3 a6 6. Bd3 g6 7. h3 Bg7 8. Be3 Nc6 9. 0-0 0-0 10. Re1 d5 11. exd5 Nb4 12. Nb3 Nfxd5 13. Nxd5 Qxd5 14. Bc5 Nxd3 15. Qxd3 Qxd3 16. cxd3 Re8 17. d4 Be6 18. Rad1 Bd5 19. Rxe7 Rxe7 20. Bxe7 Re8 21. Bb4 Re2 22. Bc3 b5 23. Nc5 a5 24. Bxa5 Rxb2 25. a3 Rc2 26. Nd7 Bb3 27. Bb6 Rc6 28. Re1 Be6 29. d5 Rd6 30. dxe6 fxe6 31. Bc5 Rxd7 32. Rxe6 Rd5 33. Bb4 Bd4 34. Rd6 Rxd6 35. Bxd6 Kf7 36. Kf1 Ke6 37. Bf8 Kd5 38. Ke2 Kc4 39. f4 h5 40. g4 hxg4 41. hxg4 Bb2 42. Be7 Bc1 43. Kf3 Kd5 44. Bb4 Bb2 45. Be7 Bc1 46. Bf8 Bd2 47. f5 gxf5 48. gxf5 Ke5 49. Kg4 Kf6 50. Bd6 Bc1 51. Bb4 Bb2 52. Kf4 Bc1+ 53. Ke4 Bb2 54. Bd6 Bc1 55. Bc5 Bb2 56. Bd4+ Bxd4 57. Kxd4 Kxf5 58. Kd5 Kf6 59. Kd6 Kf7 60. Kd7 Kf6 61. Kc6 Ke6 62. Kxb5 Kd7 63. Kb6 Kc8 64. Ka7 Kc7 65. a4 Kc8 66. a5 Kc7 67. a6 Kc8 68. Kb6 Kb8 69. a7+ Ka8 70. Ka6 1/2-1/2

[Event "Alberta-ch"]
[Site "Calgary"]
[Date "2019.04.21"]
[Round "4"]
[White "Miller, David"]
[Black "Ng, Gary"]
[Result "0-1"]
[WhiteElo "2166"]
[BlackElo "2388"]
[PlyCount "92"]
[EventDate "2019.04.19"]
[EventType "tourn"]
[EventRounds "5"]
[EventCountry "CAN"]
[EventCategory "2"]
[SourceTitle "EXT 2022"]
[Source "ChessBase"]
[SourceDate "2021.10.06"]
[SourceVersion "1"]
[SourceVersionDate "2021.10.06"]
[SourceQuality "1"]

1. e4 c5 2. Nf3 d6 3. d4 cxd4 4. Nxd4 Nf6 5. Nc3 a6 6. Bg5 Nbd7 7. Bc4 h6 8. Bxf6 Nxf6 9. Qe2 Qc7 10. 0-0-0 g6 11. Nd5 Nxd5 12. exd5 Bg7 13. Bb3 0-0 14. h4 Qc5 15. c3 b5 16. Nc6 Re8 17. h5 g5 18. Rhe1 Bd7 19. Nxe7+ Kf8 20. Rd3 Be5 21. Nc6 Bxc3 22. Rxc3 Rxe2 23. Rxe2 Qb6 24. Kb1 Bg4 25. Ree3 Bxh5 26. Bc2 Re8 27. a3 Rxe3 28. fxe3 Qb7 29. Bf5 Bg6 30. Bxg6 fxg6 31. e4 Qb6 32. Rf3+ Kg7 33. Ka2 g4 34. Rf4 g3 35. Rf3 Qf2 36. Rd3 Qxg2 37. e5 dxe5 38. Nxe5 Qe4 39. d6 Qxe5 40. d7 Qe6+ 41. Ka1 g2 42. d8Q g1Q+ 43. Rd1 Qa7 44. Rf1 Qae7 45. Qd4+ Qe5 46. Qb6 Qxa3+ 0-1

[Event "Alberta-ch"]
[Site "Calgary"]
[Date "2019.04.19"]
[Round "1"]
[White "Miller, David"]
[Black "Haessel, Dale R"]
[Result "1/2-1/2"]
[WhiteElo "2166"]
[BlackElo "2261"]
[PlyCount "62"]
[EventDate "2019.04.19"]
[EventType "tourn"]
[EventRounds "5"]
[EventCountry "CAN"]
[EventCategory "2"]
[SourceTitle "EXT 2022"]
[Source "ChessBase"]
[SourceDate "2021.10.06"]
[SourceVersion "1"]
[SourceVersionDate "2021.10.06"]
[SourceQuality "1"]

1. d4 Nf6 2. c4 g6 3. Nc3 d5 4. cxd5 Nxd5 5. e4 Nxc3 6. bxc3 Bg7 7. Bc4 c5 8. Ne2 0-0 9. Be3 Nc6 10. 0-0 Bg4 11. f3 Bd7 12. Qd2 Qc7 13. dxc5 Na5 14. Bd3 Rfd8 15. Qc2 e5 16. Nc1 Be6 17. Rd1 Nc4 18. Bxc4 Bxc4 19. Nb3 Bf8 20. Qf2 Rxd1+ 21. Rxd1 a5 22. Nd2 Be6 23. c4 Rc8 24. Rb1 Bxc5 25. Bxc5 Qxc5 26. Qxc5 Rxc5 27. Rxb7 Bxc4 28. Nxc4 Rxc4 29. Rb2 h5 30. Kf2 Ra4 31. Ke3 Kf8 1/2-1/2

[Event "Edmonton 12th"]
[Site "Edmonton"]
[Date "2017.06.23"]
[Round "6"]
[White "Matras Clement, Agnieszka"]
[Black "Miller, David"]
[Result "1-0"]
[WhiteElo "2231"]
[BlackElo "2115"]
[PlyCount "49"]
[EventDate "2017.06.20"]
[EventType "swiss"]
[EventRounds "9"]
[EventCountry "CAN"]
[SourceTitle "EXT 2019"]
[Source "ChessBase"]
[SourceDate "2018.10.10"]
[SourceVersion "1"]
[SourceVersionDate "2018.10.10"]
[SourceQuality "1"]

1. e4 d6 2. d4 Nf6 3. Nc3 e5 4. Nf3 Nbd7 5. Bc4 Be7 6. 0-0 0-0 7. h3 c6 8. a4 Qc7 9. Qe2 b6 10. Rd1 Bb7 11. Ba2 a6 12. Bg5 h6 13. Bh4 Bd8 14. dxe5 dxe5 15. Bg3 Be7 16. Nh4 Kh7 17. Nf5 Bc5 18. Qf3 g6 19. Bh4 Nh5 20. Rd2 Nf4 21. Rad1 Bc8 22. Ne7 Bd4 23. Ne2 Nxe2+ 24. Rxe2 f6 25. Qg4 1-0

[Event "Edmonton-ch"]
[Site "Edmonton"]
[Date "2016.01.21"]
[Round "2.1"]
[White "Bitan, Banerjee"]
[Black "Miller, David"]
[Result "1-0"]
[WhiteElo "2326"]
[BlackElo "2093"]
[PlyCount "57"]
[EventDate "2016.01.07"]
[EventType "k.o."]
[EventRounds "4"]
[EventCountry "CAN"]
[SourceTitle "EXT 2019"]
[Source "ChessBase"]
[SourceDate "2018.10.10"]
[SourceVersion "1"]
[SourceVersionDate "2018.10.10"]
[SourceQuality "1"]

1. d4 Nf6 2. c4 g6 3. Nc3 Bg7 4. e4 d6 5. h3 0-0 6. Be3 e5 7. d5 Nh5 8. g3 a5 9. Be2 Nf6 10. Nf3 Na6 11. Nd2 Nc5 12. g4 h6 13. b3 c6 14. f3 cxd5 15. cxd5 Nh7 16. h4 Bd7 17. h5 b5 18. Bxb5 Bxb5 19. Nxb5 Nd3+ 20. Ke2 Nf4+ 21. Bxf4 exf4 22. a4 Bxa1 23. Qxa1 g5 24. Nc4 Ra6 25. Qa3 Nf6 26. Ncxd6 Qe7 27. Nf5 Qe5 28. Kf2 Rc8 29. Ne7+ 1-0

[Event "Edmonton"]
[Site "Edmonton"]
[Date "2015.11.10"]
[Round "7"]
[White "Sevillano, Enrico"]
[Black "Miller, David"]
[Result "1-0"]
[WhiteElo "2464"]
[BlackElo "2114"]
[PlyCount "59"]
[EventDate "2015.11.06"]
[EventType "tourn"]
[EventRounds "9"]
[EventCountry "CAN"]
[EventCategory "2"]
[SourceTitle "CBM 169 Extra"]
[Source "ChessBase"]
[SourceDate "2015.12.18"]
[SourceVersion "1"]
[SourceVersionDate "2015.12.18"]
[SourceQuality "1"]

1. e4 c5 2. Nf3 d6 3. Nc3 Nf6 4. Bb5+ Bd7 5. Bxd7+ Qxd7 6. 0-0 Nc6 7. d4 cxd4 8. Nxd4 g6 9. Nde2 Bg7 10. Bg5 0-0 11. Qd2 b5 12. f3 Ne5 13. b3 Rfc8 14. Rac1 b4 15. Na4 Rab8 16. c3 bxc3 17. Nexc3 Rc7 18. Bxf6 exf6 19. Nd5 Rcb7 20. Rfd1 Rd8 21. Qa5 h5 22. f4 Ng4 23. h3 Nh6 24. Nc5 Rb5 25. Nxd7 Rxa5 26. Ne7+ Kh7 27. Nc6 Rxd7 28. Nxa5 f5 29. e5 Bf8 30. Rd5 1-0

[Event "Alberta op"]
[Site "Edmonton"]
[Date "2015.10.10"]
[Round "1"]
[White "Miller, David"]
[Black "Koperski, Dustin"]
[Result "1-0"]
[WhiteElo "2110"]
[BlackElo "1612"]
[PlyCount "85"]
[EventDate "2015.10.10"]
[EventType "swiss"]
[EventRounds "6"]
[EventCountry "CAN"]
[SourceTitle "EXT 2017"]
[Source "ChessBase"]
[SourceDate "2016.10.25"]
[SourceVersion "1"]
[SourceVersionDate "2016.10.25"]
[SourceQuality "1"]

1. e4 c5 2. Nf3 g6 3. d4 cxd4 4. Nxd4 Nc6 5. Nc3 Bg7 6. Be3 Nf6 7. Be2 0-0 8. f4 Qa5 9. Nb3 Qc7 10. e5 Ne8 11. 0-0 d6 12. Nb5 Qb8 13. exd6 Nxd6 14. Nxd6 Rd8 15. Nxc8 Rxd1 16. Nxe7+ Nxe7 17. Raxd1 Bxb2 18. Bc5 Nc6 19. f5 Qe5 20. fxg6 hxg6 21. Bc4 Nd8 22. Rde1 Qc7 23. Re8+ Kg7 24. Bxf7 Qxf7 25. Rxf7+ Kxf7 26. Rf8+ Kg7 27. Be7 Bf6 28. Rxf6 Nc6 29. Rxc6 bxc6 30. Bc5 a6 31. Kf2 Re8 32. Bd4+ Kf7 33. Nc5 a5 34. a4 Rb8 35. c3 Rb2+ 36. Kf3 Ra2 37. h4 Ke7 38. g4 Kf7 39. Kf4 Rh2 40. Kg5 Re2 41. Nb7 Ra2 42. Nxa5 Rxa4 43. Nxc6 1-0

[Event "Battle of Alberta 20th"]
[Site "Red Deer"]
[Date "2015.09.12"]
[Round "2.6"]
[White "Miller, David"]
[Black "Shi, Diwen"]
[Result "1/2-1/2"]
[WhiteElo "2095"]
[BlackElo "2181"]
[PlyCount "62"]
[EventDate "2015.09.12"]
[EventType "team-match"]
[EventRounds "2"]
[EventCountry "CAN"]
[SourceTitle "EXT 2017"]
[Source "ChessBase"]
[SourceDate "2016.10.25"]
[SourceVersion "1"]
[SourceVersionDate "2016.10.25"]
[SourceQuality "1"]
[WhiteTeam "Alberta North"]
[BlackTeam "Alberta South"]
[WhiteTeamCountry "CAN"]
[BlackTeamCountry "CAN"]

1. e4 c5 2. Nf3 d6 3. d4 cxd4 4. Nxd4 Nf6 5. Nc3 g6 6. Be3 Bg7 7. f3 Nc6 8. Qd2 0-0 9. Bc4 Bd7 10. 0-0-0 Rc8 11. Bb3 Ne5 12. Kb1 Nc4 13. Bxc4 Rxc4 14. g4 b5 15. b3 b4 16. bxc4 bxc3 17. Qxc3 Qc7 18. g5 Rb8+ 19. Kc1 Ne8 20. Kd2 Rc8 21. Qb3 Bxd4 22. Bxd4 Qa5+ 23. Kc1 Be6 24. h4 Bxc4 25. Qb7 Rc7 26. Qb8 Bb5 27. Bb2 Qa6 28. Rd5 Ba4 29. Rd2 Bb5 30. Rd5 Ba4 31. Rd2 Bb5 1/2-1/2

[Event "Battle of Alberta 20th"]
[Site "Red Deer"]
[Date "2015.09.12"]
[Round "1.6"]
[White "Shi, Diwen"]
[Black "Miller, David"]
[Result "0-1"]
[WhiteElo "2181"]
[BlackElo "2095"]
[PlyCount "101"]
[EventDate "2015.09.12"]
[EventType "team-match"]
[EventRounds "2"]
[EventCountry "CAN"]
[SourceTitle "EXT 2017"]
[Source "ChessBase"]
[SourceDate "2016.10.25"]
[SourceVersion "1"]
[SourceVersionDate "2016.10.25"]
[SourceQuality "1"]
[WhiteTeam "Alberta South"]
[BlackTeam "Alberta North"]
[WhiteTeamCountry "CAN"]
[BlackTeamCountry "CAN"]

1. e4 c5 2. Nf3 d6 3. d4 cxd4 4. Nxd4 Nf6 5. Nc3 a6 6. Be2 e5 7. Nb3 Be7 8. Bg5 Be6 9. Bxf6 Bxf6 10. Qd3 Be7 11. Nd5 Bxd5 12. Qxd5 Qc7 13. c3 Nd7 14. Na5 Nc5 15. Nc4 0-0 16. 0-0 Rad8 17. g3 Nd7 18. Bf3 b5 19. Ne3 Bg5 20. Nf5 Nf6 21. Qd1 g6 22. h4 gxf5 23. hxg5 Nxe4 24. Bxe4 fxe4 25. Qg4 d5 26. Kg2 Qd7 27. Qh5 Qf5 28. Rh1 f6 29. g4 Qg6 30. Qxg6+ hxg6 31. Rh6 Kg7 32. Rah1 fxg5 33. Rh7+ Kf6 34. Ra7 Rd6 35. Kf1 Rf7 36. Rxf7+ Kxf7 37. Rh7+ Kf6 38. Ra7 d4 39. Ke2 Ke6 40. Rg7 Kd5 41. Re7 d3+ 42. Kd2 Rf6 43. Ke1 e3 44. fxe3 Ke4 45. b3 Rf3 46. Re6 Rxe3+ 47. Kd1 Rg3 48. c4 bxc4 49. bxc4 Kd4 50. c5 Kc3 51. Rxe5 0-1

[Event "Red Deer op"]
[Site "Red Deer"]
[Date "2015.05.16"]
[Round "2"]
[White "Kobalenko, Jerry"]
[Black "Miller, David"]
[Result "0-1"]
[WhiteElo "1826"]
[BlackElo "2061"]
[PlyCount "122"]
[EventDate "2015.05.16"]
[EventType "swiss"]
[EventRounds "5"]
[EventCountry "CAN"]
[SourceTitle "EXT 2017"]
[Source "ChessBase"]
[SourceDate "2016.10.25"]
[SourceVersion "1"]
[SourceVersionDate "2016.10.25"]
[SourceQuality "1"]

1. Nf3 Nf6 2. g3 g6 3. b3 Bg7 4. Bb2 0-0 5. Bg2 d6 6. d4 Nbd7 7. c4 c5 8. Nc3 a6 9. 0-0 Rb8 10. a4 cxd4 11. Nxd4 a5 12. e4 Nc5 13. Kh1 h5 14. h3 Bd7 15. f4 Bc6 16. Qc2 Nfd7 17. Rad1 Qb6 18. Ncb5 Na6 19. g4 hxg4 20. hxg4 Nf6 21. Bf3 Nc5 22. Rfe1 e5 23. Nxc6 bxc6 24. Rxd6 Ne8 25. Rd2 cxb5 26. axb5 Qf6 27. Bxe5 Qh4+ 28. Kg2 Bxe5 29. Rh1 Qe7 30. fxe5 Ne6 31. Kf1 Ng5 32. Qc3 f6 33. e6 Qb4 34. Qe3 Ng7 35. Rdh2 N5xe6 36. Qa7 Nh5 37. gxh5 Qxb3 38. Be2 g5 39. Qxa5 Ra8 40. Qb6 Qb1+ 41. Kf2 Qxe4 42. Qe3 Qf5+ 43. Kg3 Nf4 44. Bg4 Qh7 45. Be6+ Kh8 46. Rd2 Rfe8 47. Rd7 Qxd7 48. Bxd7 Rxe3+ 49. Kf2 Rc3 50. Rb1 Ra2+ 51. Kf1 Rf3+ 52. Kg1 Rd3 53. Bf5 Rg3+ 54. Kf1 Nh3 55. Bxh3 Rxh3 56. Kg1 Rg3+ 57. Kf1 Rf3+ 58. Kg1 Rff2 59. c5 Rfb2 60. Rxb2 Rxb2 61. b6 Rb5 0-1

[Event "Red Deer op"]
[Site "Red Deer"]
[Date "2015.05.16"]
[Round "1"]
[White "Miller, David"]
[Black "Taranik, Alexey"]
[Result "1-0"]
[WhiteElo "2061"]
[BlackElo "1855"]
[PlyCount "103"]
[EventDate "2015.05.16"]
[EventType "swiss"]
[EventRounds "5"]
[EventCountry "CAN"]
[SourceTitle "EXT 2017"]
[Source "ChessBase"]
[SourceDate "2016.10.25"]
[SourceVersion "1"]
[SourceVersionDate "2016.10.25"]
[SourceQuality "1"]

1. e4 e6 2. d4 d5 3. Nc3 Nf6 4. e5 Nfd7 5. f4 c5 6. Nf3 Nc6 7. Be3 a6 8. Qd2 b5 9. dxc5 Bxc5 10. Bd3 Qb6 11. Bf2 Bxf2+ 12. Qxf2 Qxf2+ 13. Kxf2 Nb6 14. Ne2 Bd7 15. Ned4 Ne7 16. g4 g6 17. b3 h5 18. h3 Rc8 19. a3 Rc7 20. Rhe1 Rc8 21. Kg3 Nc6 22. Nxc6 Bxc6 23. Nd4 hxg4 24. hxg4 Bb7 25. Rh1 Ke7 26. f5 gxf5 27. gxf5 Rcg8+ 28. Kf4 Nd7 29. f6+ Nxf6 30. exf6+ Kxf6 31. Nf3 Ke7 32. Rag1 Kf6 33. Rxg8 Rxg8 34. Rh7 Bc6 35. Ne5 Be8 36. Ng4+ Ke7 37. Ne5 Kf6 38. Bg6 Rxg6 39. Nxg6 fxg6 40. Ra7 g5+ 41. Kg4 Bg6 42. c3 Bf5+ 43. Kg3 Bc2 44. b4 Bd3 45. Rxa6 Kf5 46. a4 bxa4 47. Rxa4 e5 48. Ra5 Bc4 49. b5 Ke4 50. b6 d4 51. b7 dxc3 52. b8Q 1-0

[Event "Edmonton op qual 10th"]
[Site "Edmonton"]
[Date "2015.05.02"]
[Round "3"]
[White "Rekhson, Vladislav"]
[Black "Miller, David"]
[Result "1/2-1/2"]
[WhiteElo "2096"]
[BlackElo "2061"]
[PlyCount "103"]
[EventDate "2015.05.02"]
[EventType "swiss"]
[EventRounds "5"]
[EventCountry "CAN"]
[SourceTitle "EXT 2017"]
[Source "ChessBase"]
[SourceDate "2016.10.25"]
[SourceVersion "1"]
[SourceVersionDate "2016.10.25"]
[SourceQuality "1"]

1. e4 c5 2. Nf3 d6 3. d4 Nf6 4. Nc3 cxd4 5. Nxd4 a6 6. g3 e5 7. Nde2 b5 8. a3 Bb7 9. Bg2 Be7 10. h3 h5 11. Bg5 Nbd7 12. Qd2 Qc7 13. Rd1 Rc8 14. 0-0 0-0 15. g4 hxg4 16. Ng3 Nb6 17. Qe2 Nc4 18. Bxf6 Bxf6 19. Qxg4 g6 20. Nd5 Bxd5 21. Rxd5 Nxb2 22. Nf5 Bg7 23. Ne3 Na4 24. h4 Nb6 25. Rd3 Nd7 26. Qd1 Nf6 27. Rxd6 Rfd8 28. Rxd8+ Qxd8 29. Qxd8+ Rxd8 30. c4 bxc4 31. Nxc4 Nxe4 32. Nxe5 Bxe5 33. Bxe4 Rd4 34. Re1 Bd6 35. Re3 Ra4 36. Bd5 Rxa3 37. Rxa3 Bxa3 38. Kg2 Kg7 39. Kg3 Bc1 40. h5 g5 41. Kg4 f6 42. f3 a5 43. Bb3 Bf4 44. Bc2 Kh6 45. Bb3 f5+ 46. Kxf5 Kxh5 47. Ke4 Kh4 48. Kd3 Kg3 49. Bd5 a4 50. Kc2 a3 51. Kb3 Bd6 52. Ka2 1/2-1/2

[Event "Reykjavik op"]
[Site "Reykjavik"]
[Date "2015.03.14"]
[Round "6"]
[White "Sigurjonsson, Gudmundur1111"]
[Black "Miller, David"]
[Result "0-1"]
[WhiteElo "2463"]
[BlackElo "2066"]
[PlyCount "74"]
[EventDate "2015.03.10"]
[EventType "swiss"]
[EventRounds "10"]
[EventCountry "ISL"]
[SourceTitle "CBM 165 Extra"]
[Source "ChessBase"]
[SourceDate "2015.04.21"]
[SourceVersion "1"]
[SourceVersionDate "2015.04.21"]
[SourceQuality "1"]
[WhiteTeam "Reykjanesbaejar"]
[WhiteTeamCountry "ISL"]

1. c4 Nf6 2. g3 g6 3. Bg2 Bg7 4. Nc3 0-0 5. d4 d6 6. Bf4 Nbd7 7. e4 e5 8. Be3 exd4 9. Bxd4 Re8 10. Nge2 Ne5 11. b3 Bg4 12. 0-0 Nf3+ 13. Bxf3 Bxf3 14. Qd3 Bxe2 15. Nxe2 Nxe4 16. Bxg7 Kxg7 17. Rad1 Qf6 18. Nf4 Qc3 19. Nd5 Qxd3 20. Rxd3 Rac8 21. f3 Nf6 22. Nxf6 Kxf6 23. Kf2 Re5 24. Re3 Rce8 25. Rxe5 Rxe5 26. f4 Ra5 27. a4 d5 28. Rc1 Rc5 29. g4 dxc4 30. bxc4 c6 31. Ke3 Ra5 32. Ra1 b5 33. cxb5 cxb5 34. Rc1 Rxa4 35. Rc6+ Ke7 36. Rc5 b4 37. Rb5 a5 0-1

[Event "WBX-Tch"]
[Site "Edmonton"]
[Date "2014.12.13"]
[Round "2.3"]
[White "Miller, David"]
[Black "Cheng, Louis"]
[Result "1-0"]
[WhiteElo "2065"]
[BlackElo "1991"]
[PlyCount "103"]
[EventDate "2014.12.13"]
[EventType "swiss"]
[EventRounds "5"]
[EventCountry "CAN"]
[SourceTitle "EXT 2022"]
[Source "ChessBase"]
[SourceDate "2021.10.06"]
[SourceVersion "1"]
[SourceVersionDate "2021.10.06"]
[SourceQuality "1"]

1. e4 Nf6 2. e5 Nd5 3. d4 d6 4. Nf3 Bf5 5. a3 g6 6. Bc4 Nb6 7. Bb3 Bg7 8. Ng5 d5 9. g4 Bc8 10. Qf3 0-0 11. Nc3 c6 12. Be3 f6 13. exf6 Bxf6 14. Qh3 h5 15. Qh4 Bxg4 16. Rg1 Qd7 17. h3 Bf5 18. 0-0-0 Na6 19. Ne2 Nc7 20. Ng3 e6 21. Nxh5 gxh5 22. Nh7+ Bg7 23. Bh6 Bxh7 24. Rxg7+ Qxg7 25. Bxg7 Kxg7 26. Qg3+ Bg6 27. Rg1 Rf6 28. Qxc7+ Rf7 29. Qe5+ Rf6 30. c3 Nd7 31. Qc7 Rf7 32. Bc2 Nf8 33. Qe5+ Rf6 34. Qxh5 Re8 35. h4 Kf7 36. Bxg6+ Rxg6 37. Rxg6 Nxg6 38. Qh7+ Kf6 39. h5 Ne7 40. Qh6+ Kf7 41. Qf4+ Nf5 42. Qe5 Re7 43. a4 a6 44. Kc2 Ke8 45. Qh8+ Kd7 46. h6 Nxh6 47. Qxh6 Rf7 48. Kb3 Rxf2 49. Qg7+ Kc8 50. Qg8+ Kd7 51. a5 Re2 52. Qb8 1-0